classement fifa (janvier 2024 / top 10) - Statistiques

Statistiques générales
  • Ce quiz a été pris 269 fois
  • Le résultat moyen est 9 sur 10
Statistiques - réponses
Hint Réponse % Correct
1. Argentine
100%
2. France
100%
5. Brésil
98%
3. Angleterre
96%
8. Espagne
96%
7. Portugal
93%
4. Belgique
92%
9. Italie
90%
10. Croatie
80%
6. Pays-bas
79%
Aucun quiz correspondant
Distribution des résultats
% des personnes avec chaque résultat
Percentile par nombre de réponses
Votre historique - résultats
Vous n’avez pas pris ce quiz